UBT Library

THE ORIGINS OF CHEMISTRY (Record no. 60262)

000 -LEADER
fixed length control field 00317nam a22001457a 4500
008 - FIXED-LENGTH DATA ELEMENTS--GENERAL INFORMATION
fixed length control field 230906b ||||| |||| 00| 0 eng d
020 ## - INTERNATIONAL STANDARD BOOK NUMBER
International Standard Book Number 6724564
041 ## - LANGUAGE CODE
Language code of text/sound track or separate title eng
080 ## - UNIVERSAL DECIMAL CLASSIFICATION NUMBER
Universal Decimal Classification number 575
082 ## - DEWEY DECIMAL CLASSIFICATION NUMBER
Classification number 575MUL
100 ## - Rafti
Rafti 13
101 ## - Shkurtesa
Shkurtesa MEDBIOL
245 ## - TITLE STATEMENT
Title THE ORIGINS OF CHEMISTRY
Statement of responsibility, etc MULTHAUF.P.R
942 ## - ADDED ENTRY ELEMENTS (KOHA)
Source of classification or shelving scheme
Item type Books
Holdings
Withdrawn status Lost status Source of classification or shelving scheme Damaged status Not for loan Collection code Permanent location Current location Date acquired Total Checkouts Full call number Barcode Date last seen Price effective from Koha item type
          Koleksioni i përgjithshem UBT - Lipjan UBT - Lipjan 09/06/2023   575MUL 002-800070179 09/06/2023 09/06/2023 Books
UBT Library © 2015-2024. All rights reserved University Education for Business and Technology